000 00329nam a2200133 i 4500
001 bg
245 0 _aPraktikum po fiziceskoj chimii /
_cpod red. S.V. Gorbaseva.
250 _aIzd.3 pererab. i dopoln.
260 _aMoskva,
_c1974.
040 _cBPK
041 _apol
942 _cKS
008 s pl f |000 0 pol
999 _c26390
_d26390
856 _uhttp://koha.tu.koszalin.pl/cgi-bin/koha/opac-detail.pl?biblionumber=26390
_yKatalog online BPK